[Event "Landesliga Sued 1819"]
[Site "Bayern"]
[Date "2018.10.21"]
[Round "1.3"]
[White "Grawe, Christian"]
[Black "Lang, Zalan Andreas"]
[Result "0-1"]
[WhiteElo "2202"]
[BlackElo "2268"]
[PlyCount "78"]
[EventDate "2018.10.21"]
[EventType "team-tourn"]
[EventRounds "9"]
[EventCountry "GER"]
[SourceTitle "EXT 2022"]
[Source "ChessBase"]
[SourceDate "2021.10.06"]
[SourceVersion "1"]
[SourceVersionDate "2021.10.06"]
[SourceQuality "1"]
[WhiteTeam "Groebenzell"]
[BlackTeam "Haunstetten TSV"]
[WhiteTeamCountry "GER"]
[BlackTeamCountry "GER"]

1. e4 e5 2. Nf3 Nc6 3. Bb5 a6 4. Ba4 Nf6 5. 0-0 Nxe4 6. d4 b5 7. Bb3 d5 8. dxe5 Be6 9. Qe2 Be7 10. Rd1 0-0 11. c4 bxc4 12. Bxc4 Qd7 13. Nc3 Nxc3 14. bxc3 Na5 15. Bd3 c5 16. c4 d4 17. h3 Bf5 18. Bf4 Rfe8 19. Rab1 Qe6 20. Nd2 Nc6 21. Be4 Bxe4 22. Qxe4 Na5 23. Qc2 Nc6 24. Nf3 Na5 25. Rdc1 Bd8 26. Qa4 Nc6 27. Rb7 Na5 28. Rb2 Bc7 29. Ng5 Qc6 30. Qc2 g6 31. Re1 Rad8 32. Qd3 f6 33. Nf3 Qe6 34. Rbe2 Qxc4 35. Qd2 d3 36. Re4 Qd5 37. exf6 Rxe4 38. Bxc7 Nc4 39. f7+ Qxf7 0-1

[Event "Landesliga Sued 1617"]
[Site "Bayern"]
[Date "2017.02.05"]
[Round "5.5"]
[White "Grawe, Christian"]
[Black "Bensch, Patrick"]
[Result "0-1"]
[WhiteElo "2193"]
[BlackElo "2149"]
[PlyCount "112"]
[EventDate "2016.10.16"]
[EventType "team-tourn"]
[EventRounds "9"]
[EventCountry "GER"]
[SourceTitle "EXT 2019"]
[Source "ChessBase"]
[SourceDate "2018.10.10"]
[SourceVersion "1"]
[SourceVersionDate "2018.10.10"]
[SourceQuality "1"]
[WhiteTeam "Groebenzell"]
[BlackTeam "Rottal"]
[WhiteTeamCountry "GER"]
[BlackTeamCountry "GER"]

1. e4 c5 2. Nf3 Nc6 3. d4 cxd4 4. Nxd4 Nf6 5. Nc3 e5 6. Ndb5 d6 7. Bg5 a6 8. Na3 b5 9. Bxf6 gxf6 10. Nd5 f5 11. Bd3 Be6 12. c3 Bg7 13. Nxb5 axb5 14. Bxb5 Bd7 15. exf5 0-0 16. 0-0 Rc8 17. Qg4 Kh8 18. a4 Re8 19. Qe4 Nb8 20. f6 Bxf6 21. Bd3 Kg8 22. Qxh7+ Kf8 23. Qh6+ Bg7 24. Qxd6+ Kg8 25. Rfd1 e4 26. Bb5 Re6 27. Qb4 Bf8 28. Qb3 Bd6 29. g3 Rh6 30. Ne3 Rc5 31. Bxd7 Nxd7 32. Rd5 Ne5 33. Rad1 Qd7 34. Rxc5 Qh3 35. Rxe5 Qxh2+ 36. Kf1 Qh1+ 37. Ke2 Qf3+ 38. Kd2 Qxf2+ 39. Kc1 Qxe3+ 40. Kb1 Bxe5 41. Rd7 Re6 42. Qb7 Rb6 43. Qc8+ Kg7 44. a5 Rb8 45. Qc4 Qf2 46. b4 Qf5 47. Rd5 e3+ 48. Qd3 Qxd3+ 49. Rxd3 e2 50. Re3 Bxc3 51. Rxe2 Rxb4+ 52. Kc1 Ra4 53. Kc2 Ra2+ 54. Kd3 Rxe2 55. Kxe2 Bxa5 56. Kf3 Kg6 0-1

[Event "Landesliga Sued 1617"]
[Site "Bayern"]
[Date "2016.12.04"]
[Round "3.7"]
[White "Grawe, Christian"]
[Black "Baeuml, Ulrich"]
[Result "1-0"]
[WhiteElo "2193"]
[BlackElo "2054"]
[PlyCount "61"]
[EventDate "2016.10.16"]
[EventType "team-tourn"]
[EventRounds "9"]
[EventCountry "GER"]
[SourceTitle "EXT 2019"]
[Source "ChessBase"]
[SourceDate "2018.10.10"]
[SourceVersion "1"]
[SourceVersionDate "2018.10.10"]
[SourceQuality "1"]
[WhiteTeam "Groebenzell"]
[BlackTeam "Dillingen"]
[WhiteTeamCountry "GER"]
[BlackTeamCountry "GER"]

1. e4 e6 2. d4 d5 3. Nc3 dxe4 4. Nxe4 Nd7 5. Nf3 Be7 6. Bd3 Ngf6 7. Nxf6+ Nxf6 8. Qe2 c5 9. dxc5 Qa5+ 10. Bd2 Qxc5 11. 0-0-0 Bd7 12. Ne5 Bc6 13. f4 a6 14. Kb1 0-0 15. Rhf1 Bb5 16. c4 Ba4 17. Rc1 Rfd8 18. g4 Be8 19. Bc3 Nd7 20. Qe4 Nf8 21. f5 Bg5 22. Rce1 f6 23. fxe6 fxe5 24. Rxf8+ Kxf8 25. Qxh7 Bf4 26. a3 a5 27. Be4 Rd4 28. Qh8+ Ke7 29. Qxg7+ Kd8 30. Qxb7 Ra7 31. e7+ 1-0

[Event "Oberliga Bayern 1516"]
[Site "Bayern"]
[Date "2016.01.31"]
[Round "6.7"]
[White "Wockenfuss, Klaus"]
[Black "Grawe, Christian"]
[Result "1/2-1/2"]
[WhiteElo "2232"]
[BlackElo "2150"]
[PlyCount "39"]
[EventDate "2015.10.11"]
[EventType "team-tourn"]
[EventRounds "9"]
[EventCountry "GER"]
[SourceTitle "EXT 2018"]
[Source "ChessBase"]
[SourceDate "2017.10.13"]
[SourceVersion "1"]
[SourceVersionDate "2017.10.13"]
[SourceQuality "1"]
[WhiteTeam "Bayern Muenchen II"]
[BlackTeam "Groebenzell"]
[WhiteTeamCountry "GER"]
[BlackTeamCountry "GER"]

1. Nf3 d5 2. c4 c6 3. d4 Nf6 4. Nc3 dxc4 5. a4 Bf5 6. e3 e6 7. Bxc4 Bb4 8. 0-0 0-0 9. Qe2 Bg4 10. h3 Bh5 11. Rd1 Nbd7 12. e4 Qe7 13. Bg5 e5 14. d5 a5 15. g4 Bg6 16. Nh4 Rfd8 17. Nxg6 hxg6 18. dxc6 bxc6 19. Rd2 Nc5 20. Rxd8+ 1/2-1/2

[Event "Regionalliga SO 1415"]
[Site "Bayern"]
[Date "2014.10.19"]
[Round "1.3"]
[White "Grawe, Christian"]
[Black "Mueller, Michael3333"]
[Result "1-0"]
[WhiteElo "2150"]
[BlackElo "2083"]
[PlyCount "36"]
[EventDate "2014.10.19"]
[EventType "team-tourn"]
[EventRounds "9"]
[EventCountry "GER"]
[SourceTitle "EXT 2018"]
[Source "ChessBase"]
[SourceDate "2017.10.13"]
[SourceVersion "1"]
[SourceVersionDate "2017.10.13"]
[SourceQuality "1"]
[WhiteTeam "Germering"]
[BlackTeam "Bayerwald Regen/Zwiesel"]
[WhiteTeamCountry "GER"]
[BlackTeamCountry "GER"]

1. e4 d6 2. d4 e5 3. Nf3 Nd7 4. Bc4 c6 5. a4 Be7 6. Nc3 Ngf6 7. 0-0 0-0 8. h3 b6 9. Re1 a6 10. Ba2 Bb7 11. Nh4 Nxe4 12. Nxe4 Bxh4 13. Qg4 h5 14. Qxh5 exd4 15. Bg5 Bxg5 16. Nxg5 Nf6 17. Bxf7+ Rxf7 18. Qxf7+ Kh8 1-0

[Event "Oberbayern-ch"]
[Site "Rosenheim"]
[Date "2014.05.31"]
[Round "6.1"]
[White "Grawe, Christian"]
[Black "Schlichtmann, Robin"]
[Result "1-0"]
[WhiteElo "2246"]
[BlackElo "2140"]
[PlyCount "119"]
[EventDate "2014.05.29"]
[EventType "swiss"]
[EventRounds "7"]
[EventCountry "GER"]
[SourceTitle "EXT 2022"]
[Source "ChessBase"]
[SourceDate "2021.10.06"]
[SourceVersion "1"]
[SourceVersionDate "2021.10.06"]
[SourceQuality "1"]

1. e4 e6 2. d4 d5 3. Nc3 Bb4 4. a3 Bxc3+ 5. bxc3 dxe4 6. Qg4 Nf6 7. Qxg7 Rg8 8. Qh6 Rg6 9. Qe3 Bd7 10. Ne2 Ba4 11. Nf4 Rg8 12. Bc4 Qe7 13. 0-0 Nbd7 14. Qe2 0-0-0 15. Be3 Nb6 16. Bb5 Bxb5 17. Qxb5 Nfd5 18. c4 Nxf4 19. Bxf4 Rg4 20. Be3 Rdg8 21. g3 Qh4 22. Kg2 Qf6 23. f3 exf3+ 24. Rxf3 Qg6 25. Qb3 h5 26. Qd3 f5 27. Bf4 Qh7 28. h3 R4g6 29. h4 Nd7 30. Re1 Qf7 31. Rfe3 Rg4 32. Kh3 Nf6 33. Rxe6 Rxf4 34. gxf4 Ne4 35. R1xe4 fxe4 36. Qxe4 Rg4 37. Re7 Rxf4 38. Rxf7 Rxe4 39. Rh7 Rxd4 40. Rxh5 Rxc4 41. Re5 Rxc2 42. h5 Rc3+ 43. Kg4 Rxa3 44. h6 Ra1 45. h7 Rg1+ 46. Kf5 Rh1 47. Re8+ Kd7 48. h8Q Rxh8 49. Rxh8 c5 50. Ke5 Kc6 51. Rh6+ Kb5 52. Rh7 Kc6 53. Rh6+ Kb5 54. Kd5 Kb4 55. Rh4+ Kb5 56. Rh1 b6 57. Rb1+ Ka5 58. Kc4 Ka6 59. Ra1+ Kb7 60. Kb5 1-0

[Event "Bad Woerishofen op 30th"]
[Site "Bad Woerishofen"]
[Date "2014.03.23"]
[Round "5"]
[White "Nikolov, Momchil"]
[Black "Grawe, Christian"]
[Result "1-0"]
[WhiteElo "2515"]
[BlackElo "2189"]
[PlyCount "47"]
[EventDate "2014.03.21"]
[EventType "swiss"]
[EventRounds "9"]
[EventCountry "GER"]
[SourceTitle "CBM 159 Extra"]
[Source "ChessBase"]
[SourceDate "2014.04.24"]
[SourceVersion "1"]
[SourceVersionDate "2014.04.24"]
[SourceQuality "1"]

1. Nf3 d5 2. d4 Nf6 3. c4 c6 4. Nc3 dxc4 5. a4 Bf5 6. Ne5 Nbd7 7. Nxc4 Nb6 8. Ne5 a5 9. e3 e6 10. g4 Bg6 11. h4 Nfd5 12. h5 Nxc3 13. bxc3 Be4 14. f3 f6 15. fxe4 fxe5 16. Qb3 Be7 17. Rb1 0-0 18. Qxb6 Bh4+ 19. Kd1 Qg5 20. Be2 Rf2 21. Qxb7 Raf8 22. Qxc6 Qf6 23. Bd2 h6 24. d5 1-0

[Event "Landesliga Sued 1314"]
[Site "Bayern"]
[Date "2014.01.19"]
[Round "5.2"]
[White "Grawe, Christian"]
[Black "Mooser, Stefan"]
[Result "1/2-1/2"]
[WhiteElo "2189"]
[BlackElo "2206"]
[PlyCount "94"]
[EventDate "2013.10.13"]
[EventType "team-tourn"]
[EventRounds "9"]
[EventCountry "GER"]
[SourceTitle "EXT 2015"]
[Source "ChessBase"]
[SourceDate "2014.11.20"]
[SourceVersion "1"]
[SourceVersionDate "2014.11.20"]
[SourceQuality "1"]
[WhiteTeam "Germering"]
[BlackTeam "Unterhaching"]
[WhiteTeamCountry "GER"]
[BlackTeamCountry "GER"]

1. e4 d5 2. exd5 Qxd5 3. Nc3 Qd6 4. d4 Nf6 5. Nf3 a6 6. g3 b5 7. Bg2 Bb7 8. 0-0 e6 9. Ne5 Bxg2 10. Kxg2 Qb6 11. Qf3 c6 12. a4 b4 13. a5 Qxd4 14. Nxc6 Qg4 15. Qxg4 Nxg4 16. Nxb8 Rxb8 17. Ne4 Nf6 18. Nxf6+ gxf6 19. Be3 Bd6 20. Rfd1 Ke7 21. Bb6 Rhc8 22. Rd2 Be5 23. Rad1 Rb7 24. c4 bxc3 25. bxc3 Rxc3 26. Rd8 Rc6 27. Ra8 Bc7 28. Rxa6 Bxb6 29. Rb1 Kd7 30. axb6 Rc2 31. Ra8 Rc6 32. Ra6 f5 33. Rb4 e5 34. Rb5 Ke6 35. h4 f6 36. Ra7 Rbxb6 37. Rxb6 Rxb6 38. Rxh7 Rb2 39. h5 e4 40. Kg1 f4 41. gxf4 Kf5 42. h6 Kg6 43. Rh8 Rb5 44. Kg2 Rh5 45. Kg3 f5 46. f3 exf3 47. Kxf3 Rh3+ 1/2-1/2

[Event "Landesliga Sued 1314"]
[Site "Bayern"]
[Date "2013.11.24"]
[Round "3.3"]
[White "Fuchs, Georg"]
[Black "Grawe, Christian"]
[Result "0-1"]
[WhiteElo "2257"]
[BlackElo "2189"]
[PlyCount "98"]
[EventDate "2013.10.13"]
[EventType "team-tourn"]
[EventRounds "9"]
[EventCountry "GER"]
[SourceTitle "EXT 2015"]
[Source "ChessBase"]
[SourceDate "2014.11.20"]
[SourceVersion "1"]
[SourceVersionDate "2014.11.20"]
[SourceQuality "1"]
[WhiteTeam "Weilheim"]
[BlackTeam "Germering"]
[WhiteTeamCountry "GER"]
[BlackTeamCountry "GER"]

1. e4 c5 2. Nf3 Nc6 3. Nc3 Nf6 4. d4 cxd4 5. Nxd4 e5 6. Ndb5 d6 7. Nd5 Nxd5 8. exd5 Nb8 9. c4 Be7 10. Bd3 a6 11. Nc3 0-0 12. 0-0 f5 13. f3 Nd7 14. a3 a5 15. Rb1 Kh8 16. b4 axb4 17. axb4 Bg5 18. Qc2 Bxc1 19. Rfxc1 Nf6 20. Bxf5 Bxf5 21. Qxf5 Nxd5 22. Qe4 Nxc3 23. Rxc3 Ra2 24. Qxb7 Qh4 25. f4 Qf2+ 26. Kh1 Rxf4 27. h3 h6 28. Kh2 Rf6 29. Rg3 Ra7 30. Qb8+ Kh7 31. c5 Raf7 32. Qb5 e4 33. Qc4 Qf4 34. c6 Rg6 35. Qc3 d5 36. Rb3 h5 37. Qe3 Qe5 38. Qc3 Qf4 39. Qe3 Qc7 40. Kg1 Qxc6 41. Rxg6 Qxg6 42. Qd4 Qg5 43. Rb1 Rf3 44. Rd1 Rxh3 45. b5 Qg3 46. b6 e3 47. Qd3+ Kh6 48. Qf5 Qh2+ 49. Kf1 Qh1+ 0-1

[Event "Landesliga Sued 1314"]
[Site "Bayern"]
[Date "2013.10.13"]
[Round "1.3"]
[White "Kleibel, Uwe"]
[Black "Grawe, Christian"]
[Result "1/2-1/2"]
[WhiteElo "2180"]
[BlackElo "2189"]
[PlyCount "89"]
[EventDate "2013.10.13"]
[EventType "team-tourn"]
[EventRounds "9"]
[EventCountry "GER"]
[SourceTitle "EXT 2015"]
[Source "ChessBase"]
[SourceDate "2014.11.20"]
[SourceVersion "1"]
[SourceVersionDate "2014.11.20"]
[SourceQuality "1"]
[WhiteTeam "Roehrnbach"]
[BlackTeam "Germering"]
[WhiteTeamCountry "GER"]
[BlackTeamCountry "GER"]

1. d4 Nf6 2. Nf3 d5 3. c4 c6 4. cxd5 cxd5 5. Nc3 Nc6 6. Bf4 Nh5 7. Bd2 e6 8. Rc1 Bd6 9. e3 f5 10. Ne5 Nf6 11. f4 0-0 12. Be2 Bd7 13. 0-0 a6 14. Be1 Ne4 15. Nxe4 fxe4 16. Qb3 Rc8 17. Nxc6 Bxc6 18. Bb4 Qe7 19. Bxd6 Qxd6 20. Qb6 Qd8 21. Qb4 a5 22. Qa3 Qd7 23. Rc5 b6 24. Rc3 Bb5 25. Bxb5 Qxb5 26. Qd6 Rxc3 27. Qxe6+ Kh8 28. bxc3 Qe2 29. Qxd5 Qxe3+ 30. Kh1 h6 31. Qd6 Rf6 32. Qe5 Qd3 33. Re1 Qxc3 34. Qe8+ Kh7 35. Qxe4+ Kh8 36. f5 Qc4 37. a3 Rd6 38. Rd1 Qb3 39. Rc1 Qd5 40. Qe8+ Kh7 41. Rc8 Qxf5 42. Qh8+ Kg6 43. Qe8+ Kh7 44. Qh8+ Kg6 45. Qe8+ 1/2-1/2